<?xml version="1.0" encoding="UTF-8"?><?xml-stylesheet type="text/xsl" href="static/style.xsl"?><OAI-PMH xmlns="http://www.openarchives.org/OAI/2.0/" xmlns:xsi="http://www.w3.org/2001/XMLSchema-instance" xsi:schemaLocation="http://www.openarchives.org/OAI/2.0/ http://www.openarchives.org/OAI/2.0/OAI-PMH.xsd"><responseDate>2026-04-27T08:16:55Z</responseDate><request verb="GetRecord" identifier="oai:uvadoc.uva.es:10324/39320" metadataPrefix="marc">https://uvadoc.uva.es/oai/request</request><GetRecord><record><header><identifier>oai:uvadoc.uva.es:10324/39320</identifier><datestamp>2025-02-20T07:53:36Z</datestamp><setSpec>com_10324_30605</setSpec><setSpec>com_10324_894</setSpec><setSpec>col_10324_41</setSpec></header><metadata><record xmlns="http://www.loc.gov/MARC21/slim" xmlns:doc="http://www.lyncode.com/xoai" xmlns:xsi="http://www.w3.org/2001/XMLSchema-instance" xmlns:dcterms="http://purl.org/dc/terms/" xsi:schemaLocation="http://www.loc.gov/MARC21/slim http://www.loc.gov/standards/marcxml/schema/MARC21slim.xsd">
<leader>00925njm 22002777a 4500</leader>
<datafield tag="042" ind1=" " ind2=" ">
<subfield code="a">dc</subfield>
</datafield>
<datafield tag="720" ind1=" " ind2=" ">
<subfield code="a">Martín Armentia, Sara</subfield>
<subfield code="e">author</subfield>
</datafield>
<datafield tag="260" ind1=" " ind2=" ">
<subfield code="c">2015</subfield>
</datafield>
<datafield tag="520" ind1=" " ind2=" ">
<subfield code="a">El objetivo de esta tesis será intentar un abordaje diagnóstico de la esofagitis&#xd;
eosinofílica y la celíaca con pruebas alergológicas que habitualmente se utilizan para el&#xd;
diagnóstico del asma alérgico. Realizaremos estudio molecular de una posible&#xd;
hipersensibilidad mediada por IgE a diferentes alérgenos alimentarios (nativos y&#xd;
recombinantes) en población afectada de asma, esofagitis eosinofílica y celíaca para&#xd;
intentar encontrar los epítopos implicados en estas enfermedades y compararlos con los&#xd;
que causan asma. Intentaremos demostrar nexos patogénicos en las tres enfermedades.</subfield>
</datafield>
<datafield tag="024" ind2=" " ind1="8">
<subfield code="a">http://uvadoc.uva.es/handle/10324/39320</subfield>
</datafield>
<datafield tag="024" ind2=" " ind1="8">
<subfield code="a">10.35376/10324/39320</subfield>
</datafield>
<datafield ind1=" " ind2=" " tag="653">
<subfield code="a">Asma</subfield>
</datafield>
<datafield ind1=" " ind2=" " tag="653">
<subfield code="a">Esofagitis eosinofilíca</subfield>
</datafield>
<datafield ind1=" " ind2=" " tag="653">
<subfield code="a">Enfermedad celíaca</subfield>
</datafield>
<datafield tag="245" ind1="0" ind2="0">
<subfield code="a">Asma alérgico, esofagitis eosinofílica y enfermedad celíaca. ¿Qué tienen en común? Estudio molecular por arrays</subfield>
</datafield>
</record></metadata></record></GetRecord></OAI-PMH>